000 01077nam a2200349 i 4500
999 _c5743
_d5743
001 018783259
003 Uk
005 20251028102730.0
008 190218s2018 stk d 000 0 eng c
015 _aGBB844935
_2bnb
016 7 _a018783259
_2Uk
020 _a9780008270711
_qpaperback
035 _a(StEdNL)99115792240004341
040 _aStDuBDS
_beng
_cStDuBDS
_dStEdNL
_dKH8
_erda
041 0 _aeng
_ajpn
042 _aukscp
082 0 4 _a495.6321 COL
_223
130 _aCollins Japanese Dictionary
245 0 0 _aCollins Japanese dictionary :
_bessential edition.
246 3 0 _aJapanese dictionary :
_bessential edition
250 _a2nd edition.
264 1 _aBishopbriggs, Glasgow :
_bCollins,
_c2018.
300 _axiv, 427 pages ;
_c18 cm
336 _atext
_2rdacontent
337 _aunmediated
_2rdamedia
338 _avolume
_2rdacarrier
500 _aPrevious edition: 2011.
546 _aText in English and Japanese.
650 0 _aJapanese language
_vDictionaries
_xEnglish.
650 0 _aEnglish language
_vDictionaries
_xJapanese.
942 _2ddc
_cREF